Statistics for Common Adopt Me Pets

Click here to take the quiz!

General Stats

  • This quiz has been taken 150 times
    (101 since last reset)
  • The average score is 7 of 11

Answer Stats

Answer% Correct
3Cat
99%
6Dog
99%
2Buffalo
66%
4Chick
66%
8Otter
64%
1Bandicoot
54%
5Chicken
50%
7Ground Sloth
45%
9Robin
45%
10Stingray
41%
11Tasmanian Tiger
41%

Score Distribution

Percentile by Number Answered

Percent of People with Each Score

Your Score History

You have not taken this quiz since the last reset